000 00465cam a2200169ua 4500
020 _c30.00
041 _aeng
_h
082 _a324.2
_bWEI/ PA
100 _aWeiner, Myron .
245 _aParty politics in India :The development of a multi- party system ,Part l ll lll /
_cMyron Weiner.
_hTextual Documents
260 _a :
_bPrinceton new jersey ,
_c1962.
300 _a319 ; .
365 _a30.00
504 _a
942 _cBK
999 _c2292
_d2292